Marcia Silva: la fotografía como un camino/
Kaydedildi:
| Yazar: | |
|---|---|
| Diğer Yazarlar: | |
| Materyal Türü: | Kitap |
| Dil: | Spanish |
| Etiketler: |
Etiketle
Etiket eklenmemiş, İlk siz ekleyin!
|
MARC
| LEADER | 00000nam a22000007a 4500 | ||
|---|---|---|---|
| 003 | cru CIDCACS/IIS | ||
| 005 | 20180321102656.0 | ||
| 007 | ta | ||
| 008 | 180321s cr |||p|r||||||0| ||spa|d | ||
| 999 | |c 41162 |d 41162 | ||
| 040 | |c cru CIDCACS/IIS | ||
| 100 | 1 | |9 6814 |a Cuevas Molina, Rafael | |
| 245 | 1 | |a Marcia Silva: |b la fotografía como un camino/ |c entrevista de Rafael Cuevas Molina | |
| 300 | |a páginas 1-3: |b foto | ||
| 700 | 1 | |9 6815 |a Silva, Marcia | |
| 942 | |2 ddc |c PP | ||
| 773 | 0 | |0 41151 |9 1900 |a Universidad Nacional de Costa Rica. |d Heredia, Costa Rica: IDELA ; ICAT-CIDEA, |o 18319 |t Suplemento Cultural/ | |
